000 00372nam a2200133Ia 4500
005 20260328104340.0
008 260328s9999||||xx |||||||||||||| ||und||
100 _aGuzman, Cesar
245 0 _aยก La calle es nuestra ,... de todos !Ciudad en movimiento ... /
_cCesar Guzman
260 _bUniversidad de los Andes
300 _a247 p.
650 _aURBANISMO
942 _cBK
999 _c12078
_d12078